Mujeres españolas / (Record no. 96125)
[ view plain ]
| 000 -LEADER | |
|---|---|
| campo de control de longitud fija | 01470nam a2200361 i 4500 |
| 001 - NÚMERO DE CONTROL | |
| campo de control | 96125 |
| 003 - IDENTIFICADOR DE NÚMERO DE CONTROL | |
| campo de control | ES-MaACL |
| 005 - FECHA Y HORA DE LA ÚLTIMA TRANSACCIÓN | |
| campo de control | 20260525062930.0 |
| 007 - CAMPO FIJO DE DESCRIPCIÓN FÍSICA--INFORMACIÓN GENERAL | |
| campo de control de longitud fija | t| |
| 008 - DATOS DE LONGITUD FIJA--INFORMACIÓN GENERAL | |
| campo de control de longitud fija | 050610s1972 sp ||||1| spa d |
| 017 ## - NÚMERO DE COPYRIGHT O DE DEPÓSITO LEGAL | |
| Número de copyright o de depósito legal | M 8060-1972 |
| Agencia que asigna | Oficina Depósito Legal Madrid |
| 040 ## - FUENTE DE CATALOGACIÓN | |
| Centro/agencia transcriptor | ES-MaACL |
| 080 ## - NÚMERO DE LA CLASIFICACIÓN DECIMAL UNIVERSAL | |
| Número de la Clasificación Decimal Universal | 396:929(460) |
| 100 1# - ENTRADA PRINCIPAL--NOMBRE DE PERSONA | |
| Nombre de persona | Madariaga, Salvador de, |
| Fechas asociadas al nombre | 1886-1978 |
| 9 (RLIN) | 75292 |
| Término indicativo de función/relación | Autor |
| 245 10 - MENCIÓN DEL TÍTULO | |
| Título | Mujeres españolas / |
| Mención de responsabilidad, etc. | Salvador de Madariaga. |
| 260 ## - PUBLICACIÓN, DISTRIBUCIÓN, ETC. | |
| Lugar de publicación, distribución, etc. | Madrid : |
| Nombre del editor, distribuidor, etc. | Espasa-Calpe, |
| Fecha de publicación, distribución, etc. | 1972. |
| 300 ## - DESCRIPCIÓN FÍSICA | |
| Extensión | 326 páginas, 8 láminas ; |
| Dimensiones | 18 cm. |
| 490 1# - MENCIÓN DE SERIE | |
| Mención de serie | Colección Austral ; |
| Designación de volumen o secuencia | 1500 |
| 505 8# - NOTA DE CONTENIDO CON FORMATO | |
| Nota de contenido con formato | Contiene: Melibea ; Catalina de Aragón ; Lady Smith ; La Malibrán ; Paulina García Viardot ; Rosalía de Castro |
| 600 17 - PUNTO DE ACCESO ADICIONAL DE MATERIA--NOMBRE DE PERSONA | |
| Nombre de persona | Catalina de Aragón, |
| Títulos y otros términos asociados al nombre | Reina consorte de Enrique VIII, Rey de Inglaterra, |
| Fechas asociadas al nombre | 1485-1536 |
| 9 (RLIN) | 138769 |
| 600 14 - PUNTO DE ACCESO ADICIONAL DE MATERIA--NOMBRE DE PERSONA | |
| Nombre de persona | Smith, Juana María de los Dolores de León, |
| Fechas asociadas al nombre | 1798-1872 |
| 9 (RLIN) | 174482 |
| 600 14 - PUNTO DE ACCESO ADICIONAL DE MATERIA--NOMBRE DE PERSONA | |
| Nombre de persona | Malibrán, María, |
| Fechas asociadas al nombre | 1808-1836 |
| 9 (RLIN) | 174483 |
| 600 14 - PUNTO DE ACCESO ADICIONAL DE MATERIA--NOMBRE DE PERSONA | |
| Nombre de persona | Viardot, Pauline, |
| Fechas asociadas al nombre | 1821-1910 |
| 9 (RLIN) | 174484 |
| 600 14 - PUNTO DE ACCESO ADICIONAL DE MATERIA--NOMBRE DE PERSONA | |
| Nombre de persona | Castro, Rosalía de, |
| Fechas asociadas al nombre | 1837-1885- |
| Subdivisión general | Biografías |
| 9 (RLIN) | 36894 |
| 650 #7 - PUNTO DE ACCESO ADICIONAL DE MATERIA--TÉRMINO DE MATERIA | |
| Término de materia o nombre geográfico como elemento de entrada | Melibea (Personaje de ficción) |
| Fuente del encabezamiento o término | embne |
| 9 (RLIN) | 174481 |
| 650 #7 - PUNTO DE ACCESO ADICIONAL DE MATERIA--TÉRMINO DE MATERIA | |
| Término de materia o nombre geográfico como elemento de entrada | Mujeres- |
| Subdivisión geográfica | España- |
| Subdivisión general | Biografías |
| 9 (RLIN) | 144907 |
| 655 #0 - TERMINO DE INDIZACIÓN--GENERO/FORMA | |
| Datos o término principal de género/forma | Biografías |
| 9 (RLIN) | 176647 |
| 830 1# - PUNTO DE ACCESO ADICIONAL DE SERIE-TÍTULO UNIFORME | |
| Título uniforme | Colección austral |
| Designación de volumen o secuencia | 1500 |
| 9 (RLIN) | 177655 |
| 852 4# - LOCALIZACIÓN | |
| Ubicación | ES-MaACL |
| Número de control de estantería | C-52747 |
| itemnumber | 99682 |
| Ubicación en estantería | Depósito 2 |
| Encuadernación | Encuadernación rústica |
| 942 ## - ELEMENTOS DE ENTRADA SECUNDARIOS (KOHA) | |
| Tipo de ítem Koha | Libro impreso |
| Suprimir en OPAC | No |
| Estatus retirado | Estado de pérdida | Estado de daño | No para préstamo | Biblioteca de origen | Biblioteca actual | Ubicación en estantería | Fecha de adquisición | Fuente de adquisición | Total de préstamos | Signatura topográfica completa | Código de barras | Visto por última vez | Precio de reemplazo | Tipo de ítem Koha |
|---|---|---|---|---|---|---|---|---|---|---|---|---|---|---|
| Biblioteca del Ateneo de Madrid | Biblioteca del Ateneo de Madrid | Depósito 2 | 17/01/2008 | C-52747 | 1100362 | 23/02/2023 | 23/02/2023 | Libro impreso |
